Quizzes
Events
Quiz Creation
Community
Videos
Private Events
Remove Ads
Sign In
Join for FREE
Feedback
Dark Mode
Quiz Categories
Sports
Geography
Music
Movies
Television
Just For Fun
Miscellaneous
History
Literature
Language
Science
Gaming
Entertainment
Religion
Holiday
For Kids
Quiz Lab
Recent
Popular Today
Quiz Kudos Today
Editor Picks
Curator Picks
Quizzes by...
Day
Popularity
Type
Ratings
Length
Year
Community
Subscriptions
Recent Discussions
Orange Saloon
Badges
Playlists
Quests
Create
Leaderboards
Showdown
Live 5
Trivia Bingo
Activity
Puzzle Library
Sporcle Events
Private Events
Virtual Trivia
Globe League
Become a Host
Pub Owners
SporcleCon
Opinionation
Our Games
Videos
Blog
Mobile Apps
Partnerships
Remove Ads and Go Orange
Feedback
Sports
Athletes
MLB
NBA
NHL
NFL
Soccer
Sports Teams
WWE
NCAA
Football
Premier League
Basketball
Baseball
Hockey
Golf
Tennis
Cricket
Rugby
Auto Racing
Olympics
World Cup
Sports
Athletes
MLB
NBA
NHL
NFL
Soccer
Sports Teams
WWE
NCAA
Football
Premier League
Basketball
Baseball
Hockey
Golf
Tennis
Cricket
Rugby
Auto Racing
Olympics
World Cup
Random Quiz
Search Sporcle
×
Quiz Lab
Quiz Lab
Sports
Football
Type in answers that appear in a list
Type in answers that appear in a list
Classic
Best Score? Go Orange.
Clemson Football Losses 2000-2009 Stats
Can you name the Teams that beat Clemson in football last decade?
By
firelordcraig
5m
47 Questions
1,146 Plays
1,146 Plays
1,146 Plays
Comments
Comments
Give Quiz Kudos
Give Quiz Kudos
-
- Ratings
hide this ad
Replay
Link that replays current quiz
Next Quiz
Link to next quiz in quiz playlist
You Got
0%
They Got
Avg Score
85%
Avg Friend Score
Upgrade to see
Score Distribution
Jump to the score distribution portion of the page
Score
0/47
Timer
05:00
0
Plays Today
% Correct
South Carolina
95.2%
South Carolina
95.2%
South Carolina
95.2%
Georgia
94.8%
Georgia
94.8%
Florida State
94.4%
Florida State
94.4%
Florida State
94.4%
Florida State
94.4%
Florida State
94.4%
North Carolina
92.6%
Georgia Tech
92.1%
Georgia Tech
92.1%
Georgia Tech
92.1%
Georgia Tech
92.1%
Georgia Tech
92.1%
Georgia Tech
92.1%
Georgia Tech
92.1%
Virginia
90.8%
Virginia
90.8%
Virginia
90.8%
Virginia Tech
89.9%
Virginia Tech
89.9%
Virginia Tech
89.9%
% Correct
Miami
88.6%
Duke
88.1%
NC State
87.6%
NC State
87.6%
Boston College
86.9%
Boston College
86.9%
Boston College
86.9%
Wake Forest
86.2%
Wake Forest
86.2%
Wake Forest
86.2%
Maryland
84%
Maryland
84%
Maryland
84%
Maryland
84%
Maryland
84%
Maryland
84%
Alabama
82.1%
Auburn
78.1%
Kentucky
64%
TCU
55.1%
Nebraska
53.6%
Texas A&M
53.2%
Texas Tech
44.9%
Quiz Playlist
Details
Report
Send in Message
Add To Playlist
Classic:
Type in answers that appear in a list
Last Updated: Feb 16, 2017
Quiz Scoreboard
CHALLENGE
Sign Up to Join the Scoreboard
Show All
Scores
Hide
Comments
May contain spoilers
Recently Published
One Thing in Common: World Cities II
by knightlancer
Geography
7m
Popular People in 1961
by mucciniale
History
6m
1-10 Letter E Words III
by El_Dandy
Language
2m
More to Explore
Quiz From the Vault
Featured Blog Post
Where Did the Easter Bunny Come From?
hide this ad
You Might Also Like...
Tags
Decade Quiz
Football Quiz
2000s
beat
Clemson University
last
loss
team
Today's Top Quizzes in Sports
Browse Sports
hide this ad
Today's Top Quizzes in Football
Browse Football
Top Contributed Quizzes in Sports
1
Les meilleurs buteurs des matchs entre le PSG et l’OM
2
Les entraîneurs de l'OM et du PSG au 21e siècle
3
2022 World Cup Stars
4
FIFA Club World Cup Champions
5
Name the Premier League winners with different clubs
6
La finale Lions - Afrique du Sud 2021
7
Criteria MLB: Left Handed Sluggers
8
Players with Multiple 50 Home Run Seasons
9
MLB Players with Two .350 Batting Average Seasons
10
MLB Hall of Famer by Rings
Explore More
Trending Topics
NBA
Harry Potter
Marvel
Anime
Kpop
Disney
Crossword
Puzzle
WWE
NFL
Soccer
Country
The Office
Pokémon
Song
hide this ad
More By:
firelordcraig
Quiz
Plays
Rating
Category
Featured
Created
NFL Logos
921,910
4.30
Sports
Jan 27, 2010
NHL Logos
355,374
4.56
Sports
Jan 23, 2010
NFL Teams on a Map
317,220
4.57
Sports
Apr 25, 2010
NHL Teams on a Map
177,370
4.55
Sports
Apr 22, 2010
MLB Teams By Logo
10,787
3.43
Sports
Jan 24, 2010
Go to Creator's Profile
Score Distribution
Quiz Creator Spotlight
firelordcraig
Follow
Send a Message
Quizzes Created
-
Created Quiz Play Count
-
More By This Creator
Popular Quizzes Today
1
Find the US States - No Outlines Minefield
2
The Countries of the World
3
Popular People in 1961
4
Find the Countries of Europe - No Outlines Minefield
5
1-10 Letter E Words III
6
Find the US States
7
One Thing in Common: World Cities II
8
US States
More Sports Quizzes
Big 4 Runner-Ups by Vice President
Quiz Lab
Trending Quizzes
1-10 Letter F Words
1-10 Letter G Words
Risky Map Clicking: Next State Alphabetically
1-10 Letter F Words II
Risky Map Clicking: States by Unique Starting Letters
Recently Updated
Leaping Animals
pecheneg
Reality TV Shows (A-Z)
bhenderson79
Rickey Henderson's Hall of Fame Teammates
pecheneg
Champions League XIs: Arsenal
pecheneg
Quick Pick: Celebrities in WWE's Hall of Fame
aduchscher
A-Z Keypad Blitz II
pecheneg
Multiple Oscar Actors
pecheneg
Mystery Phrase Blitz: Oscar 'Best Actors'
pecheneg
F. Scott Fitzgerald Novels
LTH
Pick 3 Villains
ddd62291
Trending Topics
Disney
Crossword
NBA
Marvel
Harry Potter
Kpop
Anime
Puzzle
Country
WWE
Song
Pokémon
Soccer
The Office
NFL
Your Account Isn't Verified!
In order to create a playlist on Sporcle, you need to verify the email address you used during registration. Go to your
Sporcle Settings
to finish the process.
Report this User
Report this user for behavior that violates our
Community Guidelines
.
Details:
Send Report
Go to the Sporcle.com Mobile Site →
Comments